[Event "43. Olimpiada Batumi 2018 Femenina"]
[Site "Batumi GEO"]
[Date "2018.09.25"]
[Round "2.4"]
[White "Razafimahefa, Lalaina Vololona"]
[Black "De Leon, Daiana"]
[Result "0-1"]
[WhiteElo "1442"]
[BlackElo "1633"]
[PlyCount "79"]
[EventDate "2018.09.24"]
[EventType "team-swiss"]
[EventRounds "11"]
[EventCountry "GEO"]
[SourceTitle "Ajedrez en Madrid"]
[Source "lmi"]
[SourceDate "2018.09.24"]
[WhiteTeam "Madagascar"]
[BlackTeam "Uruguay"]
[WhiteTeamCountry "MAD"]
[BlackTeamCountry "URU"]

1. Nc3 d5 2. d4 c6 3. e4 dxe4 4. Nxe4 Nf6 5. Nxf6+ exf6 6. Bf4 Be6 7. Nf3 Nd7
8. Bd3 Nb6 9. Qe2 Nd5 10. Bd2 Be7 11. c4 Nc7 12. Bc3 O-O 13. O-O Bg4 14. Qe4 f5
15. Qe3 Re8 16. Ne5 Bd6 17. Qd2 c5 18. Nxg4 fxg4 19. d5 b5 20. b3 Be5 21. Bxe5
Rxe5 22. Rae1 Rxe1 23. Rxe1 Qd7 24. Qf4 Re8 25. Rxe8+ Nxe8 26. Bf5 Qd6 27. Qxd6
Nxd6 28. Bxg4 bxc4 29. bxc4 Nxc4 30. Kf1 Kf8 31. Ke2 Ke7 32. f4 Kd6 33. Bf3 Nb6
34. g4 Nxd5 35. Bxd5 Kxd5 36. Kd3 g6 37. g5 c4+ 38. Kc3 Ke4 39. Kxc4 Kxf4 40.
h4 0-1

[Event "43. Olimpiada Batumi 2018 Femenina"]
[Site "Batumi GEO"]
[Date "2018.09.25"]
[Round "2.1"]
[White "Mena, Ailen Oriana"]
[Black "Hoshino, Karen"]
[Result "1/2-1/2"]
[WhiteElo "1884"]
[BlackElo "1945"]
[PlyCount "84"]
[EventDate "2018.09.24"]
[EventType "team-swiss"]
[EventRounds "11"]
[EventCountry "GEO"]
[SourceTitle "Ajedrez en Madrid"]
[Source "lmi"]
[SourceDate "2018.09.24"]
[WhiteTeam "Netherlands Antilles"]
[BlackTeam "Japan"]
[WhiteTeamCountry "AHO"]
[BlackTeamCountry "JPN"]

1. d4 d5 2. Bf4 Nf6 3. Nf3 e6 4. e3 Bd6 5. Ne5 O-O 6. Nd2 c5 7. c3 Qc7 8. Bd3
Nc6 9. Ndf3 Ne4 10. Qc2 f5 11. Nxc6 Bxf4 12. Nce5 Bh6 13. h4 c4 14. Be2 f4 15.
exf4 Bxf4 16. Rf1 b5 17. g3 Bxe5 18. Nxe5 Bd7 19. Bf3 Nd6 20. g4 Nf7 21. Qe2
Be8 22. h5 Nxe5 23. dxe5 Rf4 24. Qe3 Qf7 25. Bg2 Rxg4 26. Bf3 Rf4 27. Bg2 Bd7
28. O-O-O a5 29. Bh1 Bc6 30. Qc5 Qd7 31. Rg1 Raf8 32. h6 g6 33. Rd2 R4f5 34.
Qe3 Qc7 35. Re2 Bb7 36. Bg2 b4 37. Bh3 Rf3 38. Bxe6+ Kh8 39. Qd2 bxc3 40. bxc3
Qe7 41. Qb2 Ba8 42. Bg4 Qg5+ 1/2-1/2

[Event "43. Olimpiada Batumi 2018 Femenina"]
[Site "Batumi GEO"]
[Date "2018.09.25"]
[Round "2.2"]
[White "Sakai, Azumi"]
[Black "Sanchez, Mariana"]
[Result "1-0"]
[WhiteElo "1713"]
[BlackElo "1505"]
[PlyCount "45"]
[EventDate "2018.09.24"]
[EventType "team-swiss"]
[EventRounds "11"]
[EventCountry "GEO"]
[SourceTitle "Ajedrez en Madrid"]
[Source "lmi"]
[SourceDate "2018.09.24"]
[WhiteTeam "Japan"]
[BlackTeam "Netherlands Antilles"]
[WhiteTeamCountry "JPN"]
[BlackTeamCountry "AHO"]

1. d4 Nf6 2. c4 d5 3. cxd5 Nxd5 4. e4 Nf6 5. Nc3 Nc6 6. Nf3 Bg4 7. Bb5 Bxf3 8.
gxf3 a6 9. Bxc6+ bxc6 10. Be3 e6 11. Qa4 Qd7 12. O-O-O Be7 13. Rhg1 O-O 14. Bh6
Nh5 15. d5 exd5 16. Nxd5 Qd6 17. Nxe7+ Qxe7 18. Qxc6 Rfb8 19. Qc3 f6 20. Rd5 g6
21. Rxh5 Kh8 22. Rc5 Rb7 23. Rc6 1-0

[Event "43. Olimpiada Batumi 2018 Femenina"]
[Site "Batumi GEO"]
[Date "2018.09.25"]
[Round "2.3"]
[White "Marcos, Taqesyah"]
[Black "Kojima, Natsumi"]
[Result "0-1"]
[WhiteElo "1583"]
[BlackElo "1655"]
[PlyCount "96"]
[EventDate "2018.09.24"]
[EventType "team-swiss"]
[EventRounds "11"]
[EventCountry "GEO"]
[SourceTitle "Ajedrez en Madrid"]
[Source "lmi"]
[SourceDate "2018.09.24"]
[WhiteTeam "Netherlands Antilles"]
[BlackTeam "Japan"]
[WhiteTeamCountry "AHO"]
[BlackTeamCountry "JPN"]

1. e4 e5 2. Nf3 Nc6 3. Be2 Nf6 4. Nc3 d5 5. exd5 Nxd5 6. Nxd5 Qxd5 7. b3 e4 8.
Bc4 Qd8 9. Qe2 Qe7 10. Ng1 Nd4 11. Qd1 Qg5 12. g3 Bg4 13. Be2 Bxe2 14. Nxe2
Nf3+ 15. Kf1 Bd6 16. d3 Qf5 17. Kg2 O-O-O 18. Ng1 Nxg1 19. Rxg1 exd3 20. cxd3
Bc5 21. Rf1 Rhe8 22. Bb2 Rxd3 23. Qc1 Qd5+ 24. Kg1 Re2 25. Bc3 Qf3 26. Be1 Bd4
27. Rb1 Rxa2 28. Qc4 Ra6 29. b4 Rh6 30. Qb5 c6 31. Rc1 Kb8 32. Qg5 Bf6 33. Qc5
Qh5 34. Qxh5 Rxh5 35. f4 Rb5 36. Rc4 Rbd5 37. Kg2 R3d4 38. Rc2 Be7 39. Rb2 Rb5
40. Bc3 Re4 41. Bxg7 Rbxb4 42. Rd2 f6 43. Rfd1 c5 44. Rd5 c4 45. Rd7 c3 46.
Rxe7 Rxe7 47. Bxf6 c2 48. Rc1 Re2+ 0-1

[Event "43. Olimpiada Batumi 2018 Femenina"]
[Site "Batumi GEO"]
[Date "2018.09.25"]
[Round "2.4"]
[White "Shibata, Misaki"]
[Black "Salim-Moussa, Seydi"]
[Result "1-0"]
[WhiteElo "1605"]
[BlackElo "1601"]
[PlyCount "61"]
[EventDate "2018.09.24"]
[EventType "team-swiss"]
[EventRounds "11"]
[EventCountry "GEO"]
[SourceTitle "Ajedrez en Madrid"]
[Source "lmi"]
[SourceDate "2018.09.24"]
[WhiteTeam "Japan"]
[BlackTeam "Netherlands Antilles"]
[WhiteTeamCountry "JPN"]
[BlackTeamCountry "AHO"]

1. d4 d6 2. c4 g6 3. Nc3 Bg7 4. e4 Nf6 5. f3 O-O 6. Be3 Nc6 7. Qd2 e5 8. Nge2
Ne8 9. d5 Ne7 10. g4 b6 11. h4 Ba6 12. Ng3 f5 13. gxf5 gxf5 14. Bg5 f4 15. Nf5
Nf6 16. Nxg7 Kxg7 17. h5 h6 18. Bh4 Rg8 19. O-O-O Kf7 20. Bh3 Bc8 21. Qh2 Nh7
22. Rdg1 Bxh3 23. Qxh3 Qc8 24. Qh2 Qa6 25. b3 Qa3+ 26. Kb1 Qc5 27. Nd1 b5 28.
cxb5 Qxb5 29. Qh3 Qe8 30. Qe6+ Kf8 31. Qxh6+ 1-0

[Event "43. Olimpiada Batumi 2018 Femenina"]
[Site "Batumi GEO"]
[Date "2018.09.25"]
[Round "2.1"]
[White "Marzouk, Amira"]
[Black "Charinda, Kudzanayi"]
[Result "1/2-1/2"]
[WhiteElo "1745"]
[BlackElo "1718"]
[PlyCount "70"]
[EventDate "2018.09.24"]
[EventType "team-swiss"]
[EventRounds "11"]
[EventCountry "GEO"]
[SourceTitle "Ajedrez en Madrid"]
[Source "lmi"]
[SourceDate "2018.09.24"]
[WhiteTeam "Tunisia"]
[BlackTeam "Zimbabwe"]
[WhiteTeamCountry "TUN"]
[BlackTeamCountry "ZIM"]

1. d4 Nf6 2. Bf4 e6 3. e3 Be7 4. h3 d6 5. Nf3 Nbd7 6. Bd3 c5 7. c3 cxd4 8. exd4
O-O 9. O-O b6 10. Qe2 Bb7 11. Nbd2 Re8 12. Ba6 Bxa6 13. Qxa6 Qc7 14. Rfe1 b5
15. a4 bxa4 16. Rxa4 Reb8 17. Rb1 Nb6 18. Ra2 Nfd5 19. Bh2 Qd8 20. Ne1 Bg5 21.
Ne4 Be7 22. Nd3 Nc8 23. Qa4 f5 24. Nd2 Bg5 25. Qd1 h6 26. Nf3 Bf6 27. Rba1 Qd7
28. Qe2 Ncb6 29. Nd2 Re8 30. Qd1 Bg5 31. Nf3 Bf6 32. Nd2 Bg5 33. Nf3 Bf6 34.
Nd2 Bg5 35. Nf3 Bf6 1/2-1/2

[Event "43. Olimpiada Batumi 2018 Femenina"]
[Site "Batumi GEO"]
[Date "2018.09.25"]
[Round "2.2"]
[White "Wakuruwarewa, Colletta"]
[Black "Miladi, Amen"]
[Result "0-1"]
[WhiteElo "1577"]
[BlackElo "1702"]
[PlyCount "76"]
[EventDate "2018.09.24"]
[EventType "team-swiss"]
[EventRounds "11"]
[EventCountry "GEO"]
[SourceTitle "Ajedrez en Madrid"]
[Source "lmi"]
[SourceDate "2018.09.24"]
[WhiteTeam "Zimbabwe"]
[BlackTeam "Tunisia"]
[WhiteTeamCountry "ZIM"]
[BlackTeamCountry "TUN"]

1. e4 c5 2. Nf3 e6 3. d4 cxd4 4. Nxd4 a6 5. Nc3 Qc7 6. Bd3 Nf6 7. Be3 b5 8. O-O
Bb7 9. f3 Be7 10. Qe2 O-O 11. a3 d6 12. Kh1 Nbd7 13. Rad1 Nc5 14. Qd2 Nxd3 15.
Qxd3 Nd7 16. Qd2 Ne5 17. b3 Rac8 18. Nce2 d5 19. exd5 Bxd5 20. Ra1 Nc6 21. Rfc1
Nxd4 22. Bxd4 Rfd8 23. Qe3 Qb7 24. Ra2 Bd6 25. Rd1 Qe7 26. Be5 Bxa3 27. c4 bxc4
28. bxc4 Bc5 29. Qc1 Bxc4 30. Rxd8+ Rxd8 31. Rd2 Rxd2 32. Qxd2 Bxe2 33. Qxe2
Qb7 34. h3 Qb1+ 35. Kh2 Bg1+ 36. Kg3 Qg6+ 37. Kh4 Qh6+ 38. Kg3 Qg5# 0-1

[Event "43. Olimpiada Batumi 2018 Femenina"]
[Site "Batumi GEO"]
[Date "2018.09.25"]
[Round "2.3"]
[White "Meddeb, Chadha"]
[Black "Makwena, Christine"]
[Result "0-1"]
[WhiteElo "1619"]
[BlackElo "1626"]
[PlyCount "42"]
[EventDate "2018.09.24"]
[EventType "team-swiss"]
[EventRounds "11"]
[EventCountry "GEO"]
[SourceTitle "Ajedrez en Madrid"]
[Source "lmi"]
[SourceDate "2018.09.24"]
[WhiteTeam "Tunisia"]
[BlackTeam "Zimbabwe"]
[WhiteTeamCountry "TUN"]
[BlackTeamCountry "ZIM"]

1. e4 e6 2. d4 d5 3. exd5 exd5 4. Bd3 Bd6 5. Nc3 c6 6. Qf3 Be6 7. Nge2 Ne7 8.
Bg5 h6 9. Bh4 Qc7 10. O-O-O Nd7 11. Bxe7 Bxe7 12. h4 Bd6 13. Bf5 Bxf5 14. Qxf5
g6 15. Qf3 Nb6 16. Qf6 Rf8 17. Rd3 Kd7 18. Rf3 Rae8 19. Rhh3 Kc8 20. Nb5 cxb5
21. Rc3 Nc4 0-1

[Event "43. Olimpiada Batumi 2018 Femenina"]
[Site "Batumi GEO"]
[Date "2018.09.25"]
[Round "2.4"]
[White "Zengeni, Paidaishe"]
[Black "Hilali, Wissal"]
[Result "1-0"]
[WhiteElo "1528"]
[BlackElo "1419"]
[PlyCount "91"]
[EventDate "2018.09.24"]
[EventType "team-swiss"]
[EventRounds "11"]
[EventCountry "GEO"]
[SourceTitle "Ajedrez en Madrid"]
[Source "lmi"]
[SourceDate "2018.09.24"]
[WhiteTeam "Zimbabwe"]
[BlackTeam "Tunisia"]
[WhiteTeamCountry "ZIM"]
[BlackTeamCountry "TUN"]

1. e4 c5 2. Nc3 d6 3. f4 Nc6 4. Nf3 Nf6 5. Bb5 Bd7 6. Bxc6 Bxc6 7. d3 g6 8. O-O
Bg7 9. Qe1 O-O 10. Qh4 Nd7 11. f5 Re8 12. fxg6 fxg6 13. Ng5 Nf6 14. Nd5 Bxd5
15. exd5 Qd7 16. Rxf6 exf6 17. Qxh7+ Kf8 18. Ne6+ Rxe6 19. dxe6 Qxe6 20. Bh6
Qf7 21. Re1 Bxh6 22. Qh8+ Qg8 23. Qxf6+ Qf7 24. Qh8+ Qg8 25. Qxh6+ Qg7 26. Qf4+
Qf7 27. Qxd6+ Kg8 28. Re7 Qf5 29. Qc7 Qf6 30. Qxc5 Rf8 31. Qd5+ Kh8 32. Qe5
Qxe5 33. Rxe5 Rf7 34. d4 Kg7 35. d5 Rd7 36. c4 Kf6 37. Re6+ Kf5 38. Kf2 b5 39.
b3 bxc4 40. bxc4 Rc7 41. Rc6 Rxc6 42. dxc6 Ke6 43. Ke3 Kd6 44. Kd4 Kxc6 45. h4
a6 46. g4 1-0

[Event "43. Olimpiada Batumi 2018 Femenina"]
[Site "Batumi GEO"]
[Date "2018.09.25"]
[Round "2.1"]
[White "Figueroa, Julissa"]
[Black "Shih, Ching-An"]
[Result "0-1"]
[WhiteElo "1666"]
[BlackElo "1546"]
[PlyCount "84"]
[EventDate "2018.09.24"]
[EventType "team-swiss"]
[EventRounds "11"]
[EventCountry "GEO"]
[SourceTitle "Ajedrez en Madrid"]
[Source "lmi"]
[SourceDate "2018.09.24"]
[WhiteTeam "Barbados"]
[BlackTeam "Chinese Taipei"]
[WhiteTeamCountry "BAR"]

1. e4 e5 2. Nf3 Nc6 3. d4 exd4 4. Nxd4 Bc5 5. Be3 Qf6 6. c3 Nge7 7. Bc4 O-O 8.
O-O Ne5 9. Be2 Bb6 10. Nd2 d6 11. f4 N5c6 12. Nc4 Ng6 13. Nxb6 axb6 14. Qd2 h6
15. Nb5 Qe7 16. f5 Nge5 17. f6 gxf6 18. Bxh6 Re8 19. Qf4 Ng6 20. Qxf6 Qxf6 21.
Rxf6 Rxe4 22. Bd3 Re7 23. Bxg6 fxg6 24. Rxg6+ Kh7 25. Rf6 Ne5 26. Bg5 Ng4 27.
Rf3 Rg7 28. Bd8 Bd7 29. Bxc7 Bxb5 30. Bxd6 Rd7 31. Bf4 Rxa2 32. Re1 Rxb2 33. h3
Bc6 34. Rg3 Nh6 35. Re6 Nf5 36. Rg5 Rg7 37. Rh5+ Kg8 38. g4 Rd7 39. Re1 Ng7 40.
Rg5 Rf7 41. Be5 Rg2+ 42. Kh1 Re2+ 0-1

[Event "43. Olimpiada Batumi 2018 Femenina"]
[Site "Batumi GEO"]
[Date "2018.09.25"]
[Round "2.2"]
[White "Wong, Linda Jane"]
[Black "Blackman, Katrina"]
[Result "1/2-1/2"]
[WhiteElo "1378"]
[BlackElo "1755"]
[PlyCount "100"]
[EventDate "2018.09.24"]
[EventType "team-swiss"]
[EventRounds "11"]
[EventCountry "GEO"]
[SourceTitle "Ajedrez en Madrid"]
[Source "lmi"]
[SourceDate "2018.09.24"]
[WhiteTeam "Chinese Taipei"]
[BlackTeam "Barbados"]
[BlackTeamCountry "BAR"]

1. e4 e6 2. d4 d5 3. Nc3 Nf6 4. e5 Nfd7 5. Nce2 c5 6. c3 Nc6 7. Nf3 cxd4 8.
cxd4 f6 9. Nf4 Nb6 10. a3 Bd7 11. Bd3 Rc8 12. O-O Be7 13. Re1 f5 14. Nh5 O-O
15. g3 Be8 16. Nf4 Bf7 17. Kg2 Qe8 18. h4 Bd8 19. Rh1 Bh5 20. Be3 Bg4 21. Be2
Na5 22. b3 Rf7 23. Qd3 Rfc7 24. Rac1 Nc6 25. Rc5 Nd7 26. Rcc1 Nf8 27. b4 Ng6
28. Rc5 Nxf4+ 29. Bxf4 b6 30. Rcc1 Be7 31. Rhe1 Qd8 32. Ng1 a5 33. b5 Na7 34.
Rxc7 Rxc7 35. Rc1 Bxe2 36. Nxe2 Qd7 37. Rxc7 Qxc7 38. a4 Bb4 39. Bd2 Bxd2 40.
Qxd2 Nc8 41. Qc3 Qxc3 42. Nxc3 Kf7 43. f3 Ne7 44. Ne2 Ng8 45. Ng1 h6 46. Nh3
Ne7 47. h5 g5 48. hxg6+ Nxg6 49. Kf2 Ke7 50. Kg2 Kf7 1/2-1/2

[Event "43. Olimpiada Batumi 2018 Femenina"]
[Site "Batumi GEO"]
[Date "2018.09.25"]
[Round "2.3"]
[White "Greenidge, Vanessa"]
[Black "Wang, Mi"]
[Result "0-1"]
[WhiteElo "1492"]
[BlackElo "1585"]
[PlyCount "67"]
[EventDate "2018.09.24"]
[EventType "team-swiss"]
[EventRounds "11"]
[EventCountry "GEO"]
[SourceTitle "Ajedrez en Madrid"]
[Source "lmi"]
[SourceDate "2018.09.24"]
[WhiteTeam "Barbados"]
[BlackTeam "Chinese Taipei"]
[WhiteTeamCountry "BAR"]

1. d4 Nf6 2. c4 e6 3. Nc3 d5 4. cxd5 exd5 5. Bg5 c6 6. e3 Be7 7. Qc2 Bg4 8. Bd3
Nbd7 9. f3 Bh5 10. Nge2 O-O 11. Nf4 Bg6 12. Nxg6 fxg6 13. h4 Nh5 14. Bxg6 hxg6
15. Qxg6 Qe8 16. Qe6+ Rf7 17. g4 Nhf6 18. Bf4 Nh7 19. g5 Nhf8 20. Qg4 Ng6 21.
Bg3 Bb4 22. Kd2 Nb6 23. Bf2 Nc4+ 24. Kd3 Nxb2+ 25. Kc2 Nc4 26. Rae1 Re7 27. e4
dxe4 28. fxe4 Nd6 29. e5 Nb5 30. Re3 Nxc3 31. Rxc3 Bxc3 32. Kxc3 Qf7 33. Be3
Qxa2 34. h5 0-1

[Event "43. Olimpiada Batumi 2018 Femenina"]
[Site "Batumi GEO"]
[Date "2018.09.25"]
[Round "2.4"]
[White "Cho, Hung-Ling"]
[Black "Cumberbatch, Gabriela"]
[Result "1-0"]
[WhiteElo "1575"]
[BlackElo "1402"]
[PlyCount "61"]
[EventDate "2018.09.24"]
[EventType "team-swiss"]
[EventRounds "11"]
[EventCountry "GEO"]
[SourceTitle "Ajedrez en Madrid"]
[Source "lmi"]
[SourceDate "2018.09.24"]
[WhiteTeam "Chinese Taipei"]
[BlackTeam "Barbados"]
[BlackTeamCountry "BAR"]

1. e4 d5 2. exd5 Qxd5 3. Nc3 Qd6 4. Nf3 Nf6 5. d4 c6 6. h3 Bf5 7. Bc4 e6 8. Ne5
Nbd7 9. Bf4 Qb4 10. Bb3 Nxe5 11. Bxe5 Ne4 12. a3 Qa5 13. O-O Nxc3 14. Qd2 Rd8
15. Qxc3 Qb6 16. Rad1 Rd7 17. Rfe1 f6 18. Bg3 Kf7 19. Qf3 Rxd4 20. Rxd4 Qxd4
21. Qxf5 Qd7 22. Bxe6+ Qxe6 23. Qxe6+ Kg6 24. Re4 h6 25. Rg4+ Kh7 26. Qf5+ Kg8
27. Qxf6 Rh7 28. Qe6+ Kh8 29. Rf4 g6 30. Rxf8+ Kg7 31. Qf7# 1-0

[Event "43. Olimpiada Batumi 2018 Femenina"]
[Site "Batumi GEO"]
[Date "2018.09.25"]
[Round "2.1"]
[White "Ndirangu, Joyce Nyaruai"]
[Black "Rodriguez Arrieta, Maria Elena"]
[Result "1/2-1/2"]
[WhiteElo "1673"]
[BlackElo "1943"]
[PlyCount "51"]
[EventDate "2018.09.24"]
[EventType "team-swiss"]
[EventRounds "11"]
[EventCountry "GEO"]
[SourceTitle "Ajedrez en Madrid"]
[Source "lmi"]
[SourceDate "2018.09.24"]
[WhiteTeam "Kenya"]
[BlackTeam "Costa Rica"]
[WhiteTeamCountry "KEN"]
[BlackTeamCountry "CRI"]

1. d4 Nf6 2. Bf4 e6 3. e3 c5 4. c3 cxd4 5. exd4 d5 6. Bd3 Bd6 7. Bg5 O-O 8. Nf3
Nbd7 9. Nbd2 b6 10. O-O Bb7 11. Re1 Qc7 12. Qe2 a6 13. Ne5 b5 14. Nf1 b4 15.
Rab1 Rfc8 16. Ng3 h6 17. Nxf7 Bxg3 18. Qxe6 Bxh2+ 19. Kf1 Ne4 20. Nxh6+ Kh7 21.
Qf5+ Kh8 22. Nf7+ Kg8 23. Nh6+ Kh8 24. Nf7+ Kg8 25. Nh6+ Kh8 26. Nf7+ 1/2-1/2

[Event "43. Olimpiada Batumi 2018 Femenina"]
[Site "Batumi GEO"]
[Date "2018.09.25"]
[Round "2.2"]
[White "Castillo Morales, Thais"]
[Black "Jumba, Gloria"]
[Result "1-0"]
[WhiteElo "1925"]
[BlackElo "1598"]
[PlyCount "67"]
[EventDate "2018.09.24"]
[EventType "team-swiss"]
[EventRounds "11"]
[EventCountry "GEO"]
[SourceTitle "Ajedrez en Madrid"]
[Source "lmi"]
[SourceDate "2018.09.24"]
[WhiteTeam "Costa Rica"]
[BlackTeam "Kenya"]
[WhiteTeamCountry "CRI"]
[BlackTeamCountry "KEN"]

1. c4 c5 2. e4 Nc6 3. Ne2 Nf6 4. Nbc3 g6 5. d3 Bg7 6. g3 d6 7. Bg2 O-O 8. O-O
e5 9. h3 Nd7 10. Nd5 f5 11. exf5 gxf5 12. Nec3 a6 13. Rb1 Rb8 14. a4 h6 15. Qh5
Nf6 16. Qg6 Ne7 17. Nxe7+ Qxe7 18. Bxh6 Qf7 19. Qg5 Be6 20. b3 Kh7 21. Bxg7
Qxg7 22. Qxg7+ Kxg7 23. Rbe1 Ng8 24. f4 Kf6 25. fxe5+ dxe5 26. Ne4+ Ke7 27.
Nxc5 Kd6 28. d4 Bc8 29. Rxe5 Ne7 30. Rfe1 Nc6 31. Bxc6 bxc6 32. Re7 Rf6 33.
R1e5 f4 34. Ne4# 1-0

[Event "43. Olimpiada Batumi 2018 Femenina"]
[Site "Batumi GEO"]
[Date "2018.09.25"]
[Round "2.3"]
[White "Wanjiru, Lucy"]
[Black "Salazar Gould, Melanie"]
[Result "0-1"]
[WhiteElo "1475"]
[BlackElo "1926"]
[PlyCount "50"]
[EventDate "2018.09.24"]
[EventType "team-swiss"]
[EventRounds "11"]
[EventCountry "GEO"]
[SourceTitle "Ajedrez en Madrid"]
[Source "lmi"]
[SourceDate "2018.09.24"]
[WhiteTeam "Kenya"]
[BlackTeam "Costa Rica"]
[WhiteTeamCountry "KEN"]
[BlackTeamCountry "CRI"]

1. e4 e6 2. Nf3 d5 3. exd5 exd5 4. d4 Bd6 5. Bd3 Ne7 6. O-O Nbc6 7. c3 Bg4 8.
h3 Bh5 9. Be3 f6 10. Nbd2 g5 11. Qc2 Bg6 12. Rae1 Bxd3 13. Qxd3 Qd7 14. Nh2
O-O-O 15. c4 h5 16. c5 Bxh2+ 17. Kxh2 h4 18. f3 Rdg8 19. a3 f5 20. f4 g4 21. b4
Qe8 22. Nb3 gxh3 23. gxh3 Rg3 24. Qc2 Qg6 25. Re2 Rxh3+ 0-1

[Event "43. Olimpiada Batumi 2018 Femenina"]
[Site "Batumi GEO"]
[Date "2018.09.25"]
[Round "2.4"]
[White "Morera Campos, Yanori Maria"]
[Black "Mongeli, Sasha"]
[Result "1-0"]
[WhiteElo "1907"]
[BlackElo "1499"]
[PlyCount "43"]
[EventDate "2018.09.24"]
[EventType "team-swiss"]
[EventRounds "11"]
[EventCountry "GEO"]
[SourceTitle "Ajedrez en Madrid"]
[Source "lmi"]
[SourceDate "2018.09.24"]
[WhiteTeam "Costa Rica"]
[BlackTeam "Kenya"]
[WhiteTeamCountry "CRI"]
[BlackTeamCountry "KEN"]

1. e4 e5 2. Nf3 Nf6 3. Nxe5 d6 4. Nf3 Nxe4 5. Nc3 Nxc3 6. dxc3 Nc6 7. Bd3 Be7
8. Be3 Bg4 9. h3 Be6 10. Qd2 a6 11. a3 h6 12. O-O-O Qd7 13. Kb1 O-O-O 14. Qe2
Bf5 15. Bxa6 Bxc2+ 16. Kxc2 bxa6 17. Qxa6+ Kb8 18. Rd5 Nb4+ 19. axb4 c6 20. Ra5
Qb7 21. Qxb7+ Kxb7 22. Ra7+ 1-0

[Event "43. Olimpiada Batumi 2018 Femenina"]
[Site "Batumi GEO"]
[Date "2018.09.25"]
[Round "2.1"]
[White "Gurung, Sushila"]
[Black "Nasriddinzoda, Marvorii"]
[Result "0-1"]
[WhiteElo "1414"]
[BlackElo "2090"]
[PlyCount "124"]
[EventDate "2018.09.24"]
[EventType "team-swiss"]
[EventRounds "11"]
[EventCountry "GEO"]
[SourceTitle "Ajedrez en Madrid"]
[Source "lmi"]
[SourceDate "2018.09.24"]
[WhiteTeam "Nepal"]
[BlackTeam "Tajikistan"]
[WhiteTeamCountry "NEP"]
[BlackTeamCountry "TJK"]

1. e4 d6 2. d4 Nf6 3. Nc3 e5 4. dxe5 dxe5 5. Qxd8+ Kxd8 6. Bg5 c6 7. O-O-O+ Ke8
8. h3 Nbd7 9. Nf3 Bb4 10. Bd3 h6 11. Bxf6 gxf6 12. Rhe1 Nf8 13. Re2 Ng6 14. g3
Bxh3 15. Nh2 Be6 16. a3 Bc5 17. Red2 h5 18. f3 Be3 19. Na4 h4 20. g4 Nf4 21.
Kb1 Bxd2 22. Rxd2 Ke7 23. Nc5 b6 24. Nxe6 fxe6 25. Bc4 Rad8 26. Rf2 Rd1+ 27.
Ka2 Rhd8 28. Nf1 b5 29. Bb3 Nh3 30. Rh2 Rxf1 31. c4 bxc4 32. Bxc4 Rxf3 33. a4
Rd4 34. Bb3 Rxe4 35. Bd1 Rg3 36. a5 Nf4 37. Rxh4 Rh3 38. Rxh3 Nxh3 39. b3 Nf2
40. Bf3 Rxg4 41. Bxg4 Nxg4 42. Kb2 Kd6 43. Kc3 Kd5 44. b4 e4 45. a6 f5 46. Kb3
e3 47. Kc3 f4 48. Kd3 e5 49. Ke2 e4 50. Ke1 f3 51. b5 cxb5 52. Kd1 Nh2 53. Ke1
f2+ 54. Ke2 f1=Q+ 55. Kxe3 Ng4+ 56. Kd2 Qd3+ 57. Ke1 Qe3+ 58. Kd1 Nf2+ 59. Kc2
Kc4 60. Kb2 Qc3+ 61. Kb1 Nd3 62. Ka2 Qb2# 0-1

[Event "43. Olimpiada Batumi 2018 Femenina"]
[Site "Batumi GEO"]
[Date "2018.09.25"]
[Round "2.2"]
[White "Antonova, Nadezhda"]
[Black "Joshi, Sindira"]
[Result "1-0"]
[WhiteElo "2038"]
[BlackElo "1584"]
[PlyCount "67"]
[EventDate "2018.09.24"]
[EventType "team-swiss"]
[EventRounds "11"]
[EventCountry "GEO"]
[SourceTitle "Ajedrez en Madrid"]
[Source "lmi"]
[SourceDate "2018.09.24"]
[WhiteTeam "Tajikistan"]
[BlackTeam "Nepal"]
[WhiteTeamCountry "TJK"]
[BlackTeamCountry "NEP"]

1. d4 Nf6 2. Nf3 e6 3. e3 b6 4. Nbd2 Bb7 5. Bd3 Nc6 6. c3 d6 7. O-O Be7 8. Re1
O-O 9. e4 e5 10. Nc4 exd4 11. cxd4 d5 12. exd5 Nxd5 13. Nce5 Re8 14. a3 Bf6 15.
Bb5 Nde7 16. Qa4 Bxe5 17. dxe5 a6 18. Bf1 Ng6 19. Bg5 Qd7 20. Rad1 Qe6 21. Bc4
Qf5 22. Bd3 Qe6 23. Qc2 h6 24. Bc4 Qg4 25. e6 Nce5 26. exf7+ Kh7 27. fxe8=Q
Nxf3+ 28. Kh1 Rxe8 29. Rxe8 hxg5 30. Bd5 Bxd5 31. Rxd5 Nfh4 32. f3 Qh5 33. Rdd8
g4 34. Rh8# 1-0

[Event "43. Olimpiada Batumi 2018 Femenina"]
[Site "Batumi GEO"]
[Date "2018.09.25"]
[Round "2.3"]
[White "Lohani, Sujana"]
[Black "Hotami, Mutriba"]
[Result "0-1"]
[WhiteElo "1537"]
[BlackElo "1840"]
[PlyCount "122"]
[EventDate "2018.09.24"]
[EventType "team-swiss"]
[EventRounds "11"]
[EventCountry "GEO"]
[SourceTitle "Ajedrez en Madrid"]
[Source "lmi"]
[SourceDate "2018.09.24"]
[WhiteTeam "Nepal"]
[BlackTeam "Tajikistan"]
[WhiteTeamCountry "NEP"]
[BlackTeamCountry "TJK"]

1. d4 Nf6 2. Nf3 g6 3. g3 Bg7 4. Bg2 d6 5. O-O O-O 6. c4 Nc6 7. Nc3 Bf5 8. a3
Qc8 9. Bf4 Bh3 10. e4 Bg4 11. Qd2 Rd8 12. d5 Na5 13. Qc2 c5 14. Nd2 b6 15. Rae1
Re8 16. f3 Bd7 17. g4 Qa6 18. Qd3 Qc8 19. h3 a6 20. b4 cxb4 21. axb4 Nb7 22. e5
dxe5 23. Bxe5 a5 24. b5 Nc5 25. Qd4 a4 26. Na2 Ra7 27. Nb4 a3 28. Ra1 Ra4 29.
Rfb1 Qa8 30. f4 Qa5 31. Nc6 Bxc6 32. dxc6 Ne6 33. Qc3 Qxc3 34. Bxc3 Nxf4 35.
Bf1 e5 36. Rb3 Bf8 37. Kf2 Bc5+ 38. Kg3 g5 39. c7 Nd7 40. Ne4 Be7 41. Rd1 Nc5
42. Nxc5 Bxc5 43. Bxe5 Raa8 44. Bf6 a2 45. Ba1 Ne6 46. Bg2 Ra7 47. Bc6 Rc8 48.
Rbd3 Raxc7 49. R1d2 Ra7 50. Bd5 Nf4 51. Rf3 Re8 52. h4 Re1 53. Bf6 a1=Q 54.
Bxa1 Raxa1 55. hxg5 Nxd5 56. Rxd5 Rg1+ 57. Kf4 Rgf1 58. Rd8+ Kg7 59. Rd5 Rxf3+
60. Kxf3 Rc1 61. Ke2 Rxc4 0-1

[Event "43. Olimpiada Batumi 2018 Femenina"]
[Site "Batumi GEO"]
[Date "2018.09.25"]
[Round "2.4"]
[White "Abrorova, Sabrina"]
[Black "Khamboo, Monalisha"]
[Result "1-0"]
[WhiteElo "1685"]
[BlackElo "1704"]
[PlyCount "41"]
[EventDate "2018.09.24"]
[EventType "team-swiss"]
[EventRounds "11"]
[EventCountry "GEO"]
[SourceTitle "Ajedrez en Madrid"]
[Source "lmi"]
[SourceDate "2018.09.24"]
[WhiteTeam "Tajikistan"]
[BlackTeam "Nepal"]
[WhiteTeamCountry "TJK"]
[BlackTeamCountry "NEP"]

1. d4 d5 2. c4 c6 3. Nf3 Nf6 4. Nc3 Nbd7 5. cxd5 cxd5 6. Bf4 Qa5 7. Qd2 Ne4 8.
Nxe4 Qb6 9. Nc3 Nf6 10. e3 Bf5 11. Bb5+ Kd8 12. Ne5 Bg6 13. Rc1 e6 14. O-O Bb4
15. Qe2 Ke7 16. Na4 Qa5 17. Nxg6+ hxg6 18. Bc7 b6 19. a3 Bxa3 20. bxa3 a6 21.
Bc6 1-0